Statistics for Five Countries with the Highest IQ by Continent

Click here to take the quiz!

General Stats

  • This quiz has been taken 49 times
  • The average score is 17 of 28

Answer Stats

ContinentIQCountry% Correct
Asia105Japan
95%
Oceania98Australia
95%
Oceania99New Zealand
95%
North America98United States
91%
Asia106South Korea
88%
South America93Argentina
88%
North America99Canada
88%
South America90Chile
86%
North America88Mexico
81%
Asia105China
79%
Asia108Singapore
74%
South America96Uruguay
74%
Africa84Uganda, Morocco, Nigeria
70%
North America84Cuba, Trinidad and Tobago
65%
Europe101Switzerland
60%
South America89Suriname
58%
South America88Ecuador
58%
Europe102Italy
49%
North America89Costa Rica
47%
Europe101Iceland
47%
Oceania88Samoa
47%
Africa89Mauritius
44%
Oceania86Tonga
44%
Oceania87Nauru
37%
Africa86Seychelles
37%
Asia102North Korea
30%
Africa85Eritrea
9%
Africa91Sierra Leone
9%

Score Distribution

Percentile by Number Answered

Percent of People with Each Score

Your Score History

You have not taken this quiz